Регионална библиотека "Любен Каравелов" - Русе

Мястото на гимназия "Баба Тонка" в развитието на Русе (Запис номер 152309)

MARC детайли
000 -Лидер
Контролно поле с фиксирана дължина 02590nam a2200505 c 4500
003 - Код на организацията, давaща контролен номер
Контролно поле BLK
005 - Дата и час на последна редакция
Контролно поле 20241104174128.0
008 - Елементи от данни с фиксирана дължина
fixed length control field 180410b bul|||||r ||||||| ||bul||
010 ## - Наследен системен номер
LC control number KNG00158781000
040 ## - Източник на каталожния запис
Идентификатор на билиотеката - собственик на записа BLK
041 ## - Код за език
Код за езика на текст/звукозапис или на отделно заглавие Български
Код за езика КДБФ Български
072 #7 - Код за тематичната категория
Код организация bullib
Код за тематична категория Н37
Текст Образование. Педагогика Н
072 #7 - Код за тематичната категория
Код организация bullib
Код за тематична категория К
Текст Краезнание
072 #7 - Код за тематичната категория
Код организация bullib
Код за тематична категория РА
Текст Русенски автори
080 ## - УДК
Текстов определител УДК Специални образователни средни училища - Училища с засилено изучаване на класически езици, на математика и естествени науки и др.
УДК код - определител по УДК 373.52
УДК определител :5(497.215)(091)(063)
УДК - код + определител 373.52:5(497.215)(091)(063)
100 ## - Редна дума - Автор
Автор Жейнов, Иво Георгиев
Дати, свързани с автора 1958 - 2024
Автор - информация (биография) Историк.
R(LIN) 368158
139 ## - Редно поле
Редна дума Математическа гимназия Баба Тонка. Русе
Авторски знак Мате - М 39
245 10 - Сведения за заглавието
Заглавие Мястото на гимназия "Баба Тонка" в развитието на Русе
Подзаглавни данни Юбил. конф., 1 ноем. 2013
Редно поле (дума) Иво Георгиев Жейнов; състав. и ред. Румен Горанов.
257 ## - Страна на издаване
Страна на създаване/издаване България
260 ## - Област на издателските данни
Име на издателя, разпространителя и проч. МГ Баба Тонка
Година на издаване 2014
Печатница Русе : унив. изд. център при РУ А. Кънчев
300 ## - Физическа характеристика
Страници 96 с.
Илюстрации и др. със сн.
Размери/Мащаб 21 см
380 ## - Жанр
Жанр Обществени науки
500 ## - Общи забележки
Забележка Кор. загл. 150 години Математическа гимназия Баба Тонка - приемник на Девическата гимназия в гр. Русе: Юбил. сборник. - За авторите на сборника. - Библиогр. след отд. докл.
650 #4 - Допълнително описание по предмет – тема
Основно описание – тема или топоним Средни училища - България - Русе
9 (RLIN) 279831
651 #4 - Допълнително описание по предмет - топоним
Географско понятие Русе
9 (RLIN) 179462
651 #4 - Допълнително описание по предмет - топоним
Географско понятие България
9 (RLIN) 241624
653 ## - Ключова дума – ненормативна
Ключова дума Математическа гимназия
653 ## - Ключова дума – ненормативна
Ключова дума средни училища
653 ## - Ключова дума – ненормативна
Ключова дума история
653 ## - Ключова дума – ненормативна
Ключова дума юбилеи
653 ## - Ключова дума – ненормативна
Ключова дума конференции
659 ## - Тематичен бюлетин
Тематичен бюлетин К
659 ## - Тематичен бюлетин
Тематичен бюлетин Н
700 1# - Други автори (авторска отговорност)
Лично име Горанов, Румен
Автороска отговорност (Описва отношението между автора и произведението) състав. и ред.
9 (RLIN) 366769
710 1# - Име на организация или юридическо лице като допълнителен термин за търсене
Наименование на организация или юридическо лице като редна дума Математическа гимназия Баба Тонка - Русе
9 (RLIN) 2433
852 ## - Местоположение
Форматна сигнатура Цб 268266
852 ## - Местоположение
Форматна сигнатура К 373.5/М 39
856 4# - Електронен адрес и достъп
Електронен формат pdf - файл
856 4# - Електронен адрес и достъп
Електронен формат pdf - файл
999 ## - СИСТЕМНИ КОНТРОЛНИ НОМЕРА
Koha biblionumber 152309
Koha biblioitemnumber 152309
942 ## - АРТИКУЛИ
Вид на библиотечния материал Книги
Скрит в OPAC Не
Koha issues (borrowed), all copies 5
Периодичен библиозапис Да
944 ## - СЪЗДАВАНЕ И РЕДАКЦИЯ на ЗАПИСА
Създаване/Редакция Създаване
Дата на регистрацията/редакция 28.03.2014
Статус, дата на статуса Русанова Ирена
Служител, извършил регистрацията/редакцията 30542
944 ## - СЪЗДАВАНЕ И РЕДАКЦИЯ на ЗАПИСА
Създаване/Редакция Редакция
Дата на регистрацията/редакция 22.07.2016
Статус, дата на статуса ф /
Служител, извършил регистрацията/редакцията Людмила_Стоянова
999 ## - СИСТЕМНИ КОНТРОЛНИ НОМЕРА
Koha biblioitemnumber 152309
999 ## - СИСТЕМНИ КОНТРОЛНИ НОМЕРА
Koha biblioitemnumber 152309
Наличности
Код за отписване Код за изгубен артикул Код за повреда Коз за рестрикции Код за отдаване Артикулен № Име на библиотеката - собственик Име на библиотеката, в която се намира в момента Статус (Текущо местоположение) Дата на вписване в системата Местоположение - отдел Цена в лева Инвентарен номер Систематично азбучна сигнатура Баркод Номер на екземпляра Цена в евро Служебна бележка Служебен тип на артикула Източник на класификационната схема
  Не е изгубен Не е повреден без рестрикции ползва се в читалня 254383 Регионална библиотека "Любен Каравелов" Русе Регионална библиотека "Любен Каравелов" Русе Хранилище 2014-03-31 Основен фонд - ползва се само за читалня 8.00 120000776264 Цб 268266 120000776264 1 4.09 Дост: DA Вид: А N: 7 Дата: 31.03.2014 Книги  
  Не е изгубен Не е повреден без рестрикции заемане за дома 254384 Регионална библиотека "Любен Каравелов" Русе Регионална библиотека "Любен Каравелов" Русе Заемна - подръчен фонд 2014-03-31 Заемна - подръчен фонд 8.00 120000776265 П 373.5/М 39 120000776265 2 4.09 Дост: DA Вид: А N: 7 Дата: 31.03.2014 Дата инв: 07.02.2018 Бележки инв: П2018 Книги  
  Не е изгубен Не е повреден без рестрикции ползва се в читалня 254385 Регионална библиотека "Любен Каравелов" Русе Регионална библиотека "Любен Каравелов" Русе Краезнание 2014-03-31 Краезнание 8.00 120000776266 К 373.5/М 39 120000776266 3 4.09 Дост: DA Вид: А N: 7 Дата: 31.03.2014 Дата инв: 09.11.2017 Бележки инв: К2017 Книги Universal Decimal Classification
  Не е изгубен Не е повреден без рестрикции заемане за дома 254386 Регионална библиотека "Любен Каравелов" Русе Регионална библиотека "Любен Каравелов" Русе Заемна - подръчен фонд 2016-01-19 Заемна - подръчен фонд 8.00 120000796985 П 373.5/М 39 120000796985 4 4.09 Дост: DA Вид: А N: 1 Дата: 19.01.2016 Дата инв: 07.02.2018 Бележки инв: П2018 Книги  
Vip Innovations Ltd, Rousse, Bulgaria 2025